000 00851nam a2200277Ia 4500
003 OSt
005 20221006141948.0
006 a|||||r|||| 00| 0
007 ta
008 221006b |||||||| |||| 00| 0 eng d
020 _c1725.15
024 _a4,779
037 _b09, 17/05/2002, Dhanraj Book House
_cTextual
040 _aEASL
_cEASL
_beng
041 _2eng
_aeng
082 _aX:275.N9, P1
100 _aMEIER Gerald M Ed.
245 0 _aFrontiers of development economics
_b The future in perspective
260 _aNew York
_bOxford University Press
_c2001
300 _ap.
_ccm.
490 _v Oth
650 _aEconomics
700 _a STIGLITZ Joseph E Ed.
_9371214
942 _hX:275.N9, P1
_cTEXL
_2CC
999 _c1072865
_d1072865